Pays ayant 5 lettres (avec une carte) - une minute sprint - Statistiques

Statistiques générales
  • Ce quiz a été pris 453 fois
  • Le résultat moyen est 181 sur 196
Réponses sur la Carte
Les réponses sont colorées sur une échelle allant du rouge au vert en fonction du pourcentage des utilisateurs qui les ont devinées à leur premier essai. Vous pouvez retrouver ces pourcentages ci-dessous.
 
Statistiques - réponses
pays % Correct
x
100%
Chine
77%
Libye
75%
Niger
67%
Tchad
67%
Ghana
61%
Chili
60%
Pérou
59%
Bénin
58%
Gabon
56%
Kenya
52%
Congo
49%
Suède
48%
Japon
46%
Népal
41%
Maroc
39%
Yémen
37%
Syrie
33%
Liban
31%
Grèce
26%
Tonga
26%
Fidji
25%
Samoa
25%
Malte
22%
Nauru
22%
Haïti
19%
Qatar
11%
Aucun quiz correspondant
Distribution des résultats
% des personnes avec chaque résultat
Percentile par nombre de réponses
Votre historique - résultats
Vous n’avez pas pris ce quiz